000 00579nam a2200193Ia 4500
999 _c41295
_d41295
003 OSt
005 20210806153733.0
008 160316s2016 xxu||||| |||| 00| 0 eng d
040 _c.
082 _a364.153000
_bIBA
100 _a
245 _aCrimes against women: Strengthening the justice system
260 _aBangalore
_bIBA-CLE Chair & NLSIU
_c2016
300 _a171
650 _a1. Criminal justice reforms 2. Advocacy3. Sexual violence 4. Appellate advocacy
700 _a
_a
856 _uhttp://opac.nls.ac.in:8081/xmlui/handle/123456789/730
942 _2ddc
_cREP